LEADER 00731nam a2200193 i 4500 001 000000191373 003 CaOOAMICUS 005 20100727000000.0 008 100727s1951 it u000 u lat u 013 $a169904 040 $aSeMil$bita 100 1 $aMatteo : da Coronata .$0(OLS)http://semarc/name/10492 245 10$a5: Index rerum et appendices. 250 $aEd. 3. aucta et emendata. 300 $a417 p. ;$c22 cm. 773 0 $aMatteo : da Coronata $tInstitutiones Iuris Canonici.$dTaurini ; Romae : Marietti, 1950.$g5$w()23561 850 $aSeMil 852 $aSeMil$W1$xVenegono$y1$m2H VII 6$j262641$B141987$CSeMilBibl$Z2$F153560 $81 996 $6245$a5: Index rerum et appendices$9(OLS)http://semarc/title/275739 LEADER 00900nam a2200205 i 4500 001 000000205239 003 CaOOAMICUS 005 20110818000000.0 008 110818s1949 it u000 u ita u 013 $a183975 040 $aSeMil$bita 100 1 $aTodeschini, Marco.$0(OLS)http://semarc/name/73885 245 13$aLa teoria delle apparenze :$bspazio-dinamica e psico-bio-fisica /$cdott. ing. Marco Todeschini. 260 $aBergamo :$bIstituto Italiano d'Arti Grafiche,$c1949. 300 $aXXIV, 971 p. ;$c25 cm. 650 4$aScienze - Teorie.$0(OLS)http://semarc/subject/16392 850 $aSeMil 852 $aSeMil$W1$xVenegono$y1$m3W IV 214$j155733$B155733$CSeMilBibl$Z2$F167069 $81 996 $6245$aLa teoria delle apparenze :$bspazio-dinamica e psico-bio-fisica$9(OLS)http://semarc/title/297099 996 $6260$aBergamo :$bIstituto Italiano d'Arti Grafiche$9(OLS)http://semarc/publisher/29676